1135 1234 1688 1257 1780 1318 1060 1996 1724 1916 1009 1006 1006 1473 1102 1562 1516 1830 1880 1970 1824 1952 1276 1879 1439 1637 1825 1455 1132 1931 1957 1473 1289 1677 1389 1828 1935 1097 1726 1209 1769 1614 1490 1424 1997 1857 1848 1425 1632 1305 1749 1234 1913 1894 1306 1803 1950 1669 1485 1062 1449 1435 1249 1433 1964 1903 1872 1395 1468 1421 1391 1850 1641 1780 1612 1608 1761 1356 1904 1892 1528 1579 1931 1182 1261 1173 1829 1993 1541 1595 1614 1212 1245 1384 1359 1015 1069 1286 1567 BCNSPRNW ULIB Ver.6.0+V

เปลี่ยนเป็นภาษาไทย

Change to English
 แสดงรายละเอียดบรรณานุกรม
  กลับหน้าหลัก

Brief Record : Get Marc (ISO 2709) : E-mail record : QR code < ปิดหน้าต่าง
LEADER : 00000nam 2200000uu 4500
001    13399123619
003     ULIB
008    141020s2546||||th 000 0 tha d
099    วจ.LB1028.5ศ315ผ
100 0  ศรีสุดา เอกลัคนารัตน์ และธนัชฌา ภัยพยบ
245 00 ผลของการทบทวนด้วยบทเรียนคอมพิวเตอร์ช่วยสอน เรื่องการพยาบาลทารกแรกเกิดที่มีภาวะตัวเหลือง/^cศรีสุดา เอกลัคนารัตน์ และธนัชฌา ภัยพยบ
260    นครสวรรค์ :^blวิทยาลัยพยาบาลบรมราชชนนี สวรรค์ประชารักษ์ นครสวรรค์^c2546
650  0 การพยาบาลทารกแรกเกิดที่มีภาวะตัวเหลือง
999    ^aเกษร โพธิ์สุวรรณ
รายการนี้ยังไม่มีแท็ก
คุณยังไม่ได้ล็อกอิน คุณสามารถมีกิจกรรมร่วมกับเว็บไซต์ได้ แต่ต้องล็อกอินก่อน ::
  ล็อกอิน

รายการสื่อสารสนเทศ

ลำดับที่ ประเภท เลขเรียก/บาร์โค้ด สถานที่ สถานะ
- ไม่พบข้อมูล -

รายการใกล้เคียง
    ผู้แต่ง [ศรีสุดา เอกลัคนารัตน์ และธนัชฌา ภัยพยบ]

    หัวเรื่อง [การพยาบาลทารกแรกเกิดที่มีภาวะตัวเหลือง]

BibComment


ยังไม่เคยถูกคอมเมนท์

คอมเมนท์ทรัพยากรรายการนี้
  คอมเมนท์: ผลของการทบทวนด้วย..


 Copyright 2026. Bcnsprnw @Library